Blue Jeans/ (Record no. 206030)

MARC details
000 -LEADER
fixed length control field 00620nam a22002057a 4500
005 - DATE AND TIME OF LATEST TRANSACTION
control field 20241001113913.0
010 ## - LCCN (DPL NO)
LC control number ENG-141844
020 ## - INTERNATIONAL STANDARD BOOK NUMBER
International Standard Book Number 9789393757203
Terms of availability 230.00
035 ## - SYSTEM CONTROL NUMBER
System control number EN-125376
037 ## - SOURCE OF ACQUISITION
Source of stock number/acquisition DBAD
082 ## - DEWEY DECIMAL CLASSIFICATION NUMBER
Classification number N
100 ## - MAIN ENTRY--PERSONAL NAME
Personal name Saxena, Manisha
245 ## - TITLE STATEMENT
Title Blue Jeans/
Statement of responsibility, etc By Manisha Saxena
250 ## - EDITION STATEMENT
Edition statement 1
260 ## - PUBLICATION, DISTRIBUTION, ETC. (IMPRINT)
Name of publisher, distributor, etc Vishwakarma Publications
Date of publication, distribution, etc 2022
Place of publication, distribution, etc Maharashtra
270 ## - ADDRESS
Address 34A/1, Suyog Center, 7th floor, Gultekedi Marketyard Road, Giridhar Bhavan Chowk,
Postal code 411037
City Pune
Electronic mail address info@vpindia.co.in
Telephone number 9168682200
300 ## - PHYSICAL DESCRIPTION
Extent 176p.
Dimensions 20cm (pb)
942 ## - ADDED ENTRY ELEMENTS (KOHA)
Source of classification or shelving scheme Dewey Decimal Classification
Item type English Books
Classification part N
Call number suffix SAX

No items available.


© Delhi Public Library
Hit Counter
free hit counter